| 000 | 01434cam a2200361 a 4500 | ||
|---|---|---|---|
| 001 | 3505999 | ||
| 003 | SISC | ||
| 005 | 20160406125551.0 | ||
| 008 | 950602s1995 nyua b 001 0 eng | ||
| 010 | _a 95024096 | ||
| 020 | _a9780028740584 | ||
| 040 |
_aDLC _cDLC _dDLC |
||
| 050 | 0 | 0 |
_aHD 30.28 _b.W335 1995 |
| 082 | 0 | 0 |
_aHS 658.4012 _b.W15 1995 |
| 100 | 1 |
_aWall, Stephen J. _912959 |
|
| 245 | 1 | 4 |
_aThe new strategists : _bcreating leaders at all levels / _cStephen J. Wall, Shannon Rye Wall. |
| 260 |
_aNew York : _bFree Press, _cc1995. |
||
| 300 |
_axii, 260 p. : _bill. ; _c24 cm. |
||
| 500 | _aIncludes index. | ||
| 562 | _e1 | ||
| 650 | 0 |
_aStrategic planning. _9606 |
|
| 650 | 0 |
_aLeadership. _9483 |
|
| 650 | 0 |
_aEmployee empowerment. _9465 |
|
| 700 | 1 |
_aWall, Shannon Rye, _d1958- _912960 |
|
| 856 | 4 | 2 |
_3Contributor biographical information _uhttp://www.loc.gov/catdir/bios/simon051/95024096.html |
| 856 | 4 | 2 |
_3Publisher description _uhttp://www.loc.gov/catdir/description/simon052/95024096.html |
| 856 | 4 | 1 |
_3Sample text _uhttp://www.loc.gov/catdir/enhancements/fy0645/95024096-s.html |
| 856 | 4 | 1 |
_3Table of contents only _uhttp://www.loc.gov/catdir/enhancements/fy0645/95024096-t.html |
| 906 |
_a7 _bcbc _corignew _d1 _eocip _f19 _gy-gencatlg |
||
| 942 |
_2lcc _cBK |
||
| 999 |
_c9253 _d9253 |
||